El malestar en la cultura y otros ensayos / (Registro nro. 578)

000 -CABECERA
campo de control de longitud fija 00610nam a2200229 a 4500
001 - NÚMERO DE CONTROL
campo de control 000008198
005 - FECHA Y HORA DE LA ÚLTIMA TRANSACCIÓN
campo de control 20200120221846.0
008 - DATOS DE LONGITUD FIJA--INFORMACIÓN GENERAL
campo de control de longitud fija 990309s1988 esp0 gr 0 000 d
020 ## - NÚMERO INTERNACIONAL ESTÁNDAR DEL LIBRO
Número Internacional Estándar del Libro 84-206-1280-4
082 04 - NÚMERO DE LA CLASIFICACIÓN DECIMAL DEWEY
Número de clasificación 150.19524
Número de documento/Ítem F72
100 0# - ENTRADA PRINCIPAL--NOMBRE DE PERSONA
Nombre de persona Freud, Sigmund
245 13 - MENCIÓN DE TÍTULO
Título El malestar en la cultura y otros ensayos /
Mención de responsabilidad, etc. Sigmund Freud.
260 ## - PUBLICACIÓN, DISTRIBUCIÓN, ETC.
Lugar de publicación, distribución, etc. Madrid :
Nombre del editor, distribuidor, etc. Alianza,
Fecha de publicación, distribución, etc. 1988.
300 ## - DESCRIPCIÓN FÍSICA
Extensión 240p.
490 #3 - MENCIÓN DE SERIE
Mención de serie El libro de bolsillo: No. 280
500 ## - NOTA GENERAL
Nota general Ej.1 colegio mosquera con AÑO 1975
650 14 - PUNTO DE ACCESO ADICIONAL DE MATERIA--TÉRMINO DE MATERIA
Término de materia o nombre geográfico como elemento de entrada PSICOANALISIS
650 14 - PUNTO DE ACCESO ADICIONAL DE MATERIA--TÉRMINO DE MATERIA
Término de materia o nombre geográfico como elemento de entrada GUERRA
650 14 - PUNTO DE ACCESO ADICIONAL DE MATERIA--TÉRMINO DE MATERIA
Término de materia o nombre geográfico como elemento de entrada MJERTE
650 14 - PUNTO DE ACCESO ADICIONAL DE MATERIA--TÉRMINO DE MATERIA
Término de materia o nombre geográfico como elemento de entrada INSTINTO
650 14 - PUNTO DE ACCESO ADICIONAL DE MATERIA--TÉRMINO DE MATERIA
Término de materia o nombre geográfico como elemento de entrada SUEÑOS
Existencias
Estado de retiro Estado de pérdida Fuente del sistema de clasificación o colocación Estado dañado No para préstamo Código de colección Localización permanente Ubicación/localización actual Fecha de adquisición Número de inventario Total de préstamos Renovaciones totales Signatura topográfica completa Código de barras Fecha visto por última vez Fecha del último préstamo Número de copia Precio válido a partir de Tipo de ítem Koha Nota pública
          Colección General Biblioteca Pública San Juan Bosco Biblioteca Pública San Juan Bosco 20/01/2020 102633 14 2 150.19524 F72 MOS013967 14/05/2026 15/04/2026 ej.1 20/01/2020 Libro Ocho días

© Todos los derechos reservados para la Biblioteca Pública Municipal San Juan Bosco, 2020
Secretaria de Cultura de Mosquera
Carrera 3 N° 10 Esquina Centro Cultural Barrio El Carmén Teléfono: 8270830 Ext: 34
Funcionando con KOHA
Contacto: Biblioteca Pública Municipal San Juan Bosco/ bibliotecasanjuanbosco@mosquera-cundinamarca.gov.co
Mosquera, Cundinamarca